LEADER 04117nam 22006615 450 001 9910253976703321 005 20200705023222.0 010 $a981-10-4675-1 024 7 $a10.1007/978-981-10-4675-9 035 $a(CKB)3710000001388872 035 $a(DE-He213)978-981-10-4675-9 035 $a(MiAaPQ)EBC4867476 035 $a(PPN)20147252X 035 $a(EXLCZ)993710000001388872 100 $a20170529d2017 u| 0 101 0 $aeng 135 $aurnn|008mamaa 181 $ctxt$2rdacontent 182 $cc$2rdamedia 183 $acr$2rdacarrier 200 10$aBiohydrogen Production from Organic Wastes /$fby Jianlong Wang, Yanan Yin 205 $a1st ed. 2017. 210 1$aSingapore :$cSpringer Singapore :$cImprint: Springer,$d2017. 215 $a1 online resource (XIII, 433 p. 149 illus.) 225 1 $aGreen Energy and Technology,$x1865-3529 311 $a981-10-4674-3 320 $aIncludes bibliographical references at the end of each chapters. 327 $aCharacterization of organic wastes used for biohydrogen production -- Pretreatment of organic wastes for biohydrogen production -- Hydrogen-producing microorganisms -- Influencing factors for biohydrogen production -- Kinetics of biohydrogen production -- Optimization of process for biohydrogen production -- Bioreactors for biohydrogen production -- Microbial community analysis during biohydrogen production. 330 $aThis book comprehensively introduces fundamentals and applications of fermentative hydrogen production from organic wastes, consisting of eight chapters, covering the microbiology, biochemistry and enzymology of hydrogen production, the enrichment of hydrogen-producing microorganisms, the pretreatment of various organic wastes for hydrogen production, the influence of different physicochemical factors on hydrogen production, the kinetic models and simulation of biological process of fermentative hydrogen production, the optimization of biological hydrogen production process and the fermentative hydrogen production from sewage sludge. The book summarizes the most recent advances that have been made in this field and discusses bottlenecks of further development. This book gives a holistic picture of this technology and details the knowledge through illustrative diagrams, flow charts, and comprehensive tables. It is intended for undergraduate and graduate students who are interested in bioenergy and wastes management, researchers exploring microbial fermentation process, and engineers working on system optimization or other bioenergy applications. 410 0$aGreen Energy and Technology,$x1865-3529 606 $aRenewable energy resources 606 $aEnvironmental engineering 606 $aBiotechnology 606 $aWaste management 606 $aEnvironmental sciences 606 $aRenewable and Green Energy$3https://scigraph.springernature.com/ontologies/product-market-codes/111000 606 $aEnvironmental Engineering/Biotechnology$3https://scigraph.springernature.com/ontologies/product-market-codes/U33000 606 $aWaste Management/Waste Technology$3https://scigraph.springernature.com/ontologies/product-market-codes/U31001 606 $aEnvironmental Science and Engineering$3https://scigraph.springernature.com/ontologies/product-market-codes/G37000 615 0$aRenewable energy resources. 615 0$aEnvironmental engineering. 615 0$aBiotechnology. 615 0$aWaste management. 615 0$aEnvironmental sciences. 615 14$aRenewable and Green Energy. 615 24$aEnvironmental Engineering/Biotechnology. 615 24$aWaste Management/Waste Technology. 615 24$aEnvironmental Science and Engineering. 676 $a665.81 700 $aWang$b Jianlong$4aut$4http://id.loc.gov/vocabulary/relators/aut$0891086 702 $aYin$b Yanan$4aut$4http://id.loc.gov/vocabulary/relators/aut 801 0$bMiAaPQ 801 1$bMiAaPQ 801 2$bMiAaPQ 906 $aBOOK 912 $a9910253976703321 996 $aBiohydrogen Production from Organic Wastes$92169607 997 $aUNINA